000 00982nam a2200289 i 4500
001 000027227
003 DO-SdBNP
005 20240410073847.0
007 ta
008 110330s1975 dr a 001 0dspa d
040 _aDO-SdBNP
_bspa
_cDO-SdBNP
_erda
082 4 _a923.27293
_bD812T
_222
100 1 _aTroncoso Sánchez, Pedro,
_d1904-1989
_eautor
_923599
245 1 0 _aVida de Juan Pablo Duarte /
_cPedro Troncoso Sánchez.
264 _aSanto Domingo :
_bInstituto Duartiano,
_c1975.
300 _a255 páginas :
_bilustraciones, retratos. ;
_c21 cm.
336 _2rdacontent
_atexto
_btxt
337 _2rdamedia
_asin mediación
_bn
338 _2rdacarrier
_avolumen
_bnc
490 _aInstituto Duartiano
_v11
590 _aInventariado, 2020/BT
600 1 0 _aDuarte, Juan Pablo,
_d1813-1876
_vBiografías
_91494
651 0 _aRepública Dominicana --
_xHistoria --
_y1844-1930
_91009
910 _aValidado. Control de calidad EMS
942 _2ddc
_cLBS1
956 _aVMateo
999 _c26719
_d26719